LEADER 01600nam2 2200385 i 450 001 SUN0089517 005 20130801123544.296 010 $a88-17-16711-8 100 $a20120530d1996 |0itac50 ba 101 $aita$aLAT 102 $aIT 105 $a|||| ||||| 200 1 $aˆ9: ‰Libri 34.-35.$fTito Livio$gcon un saggio di John Briscoe$gtraduzione e note di Luca Cardinali 205 $a3. ed 210 $aMilano$cRizzoli$d1996 215 $a357 p.$d18 cm. 410 1$1001SUN0093936$12001 $aBUR. L$v711$1210 $aMilano$cBUR. 461 1$1001SUN0071072$12001 $aStoria di Roma dalla sua fondazione$fTito Livio$v9$1205 $aMilano : Rizzoli$1210 $dv. ; 18 cm$1215 $aSul frontespizio: Testo latino a fronte. 620 $dMilano$3SUNL000284 700 1$aLivius$b, Titus$3SUNV009575$05194 702 1$aBriscoe$b, John$3SUNV041033 702 1$aCardinali$b, Luca$3SUNV056019 712 $aRizzoli$3SUNV000281$4650 790 1$aLivio, Tito$zLivius, Titus$3SUNV009577 790 0$aTite-Live$zLivius, Titus$3SUNV056020 790 0$aLivy$zLivius, Titus$3SUNV056021 790 0$aLivio$zLivius, Titus$3SUNV056022 790 0$aLivius, Titus $zLivius, Titus$3SUNV093819 790 0$aTito Livio$zLivius, Titus$3SUNV093823 790 1$aLivius, Titus$yLivius, Titus$3SUNV009575 801 $aIT$bSOL$c20190701$gRICA 912 $aSUN0089517 950 $aUFFICIO DI BIBLIOTECA DEL DIPARTIMENTO DI GIURISPRUDENZA$d00CONS XVIII.L.55 9 $e00 9933 20120530 996 $aLibri 34.-35$91434415 997 $aUNICAMPANIA LEADER 01318nam 2200397 450 001 9910713456503321 005 20200427101427.0 035 $a(CKB)5470000002501088 035 $a(OCoLC)1151877570 035 $a(EXLCZ)995470000002501088 100 $a20200424d1963 ua 0 101 0 $aeng 135 $aur||||||||||| 181 $ctxt$2rdacontent 182 $cc$2rdamedia 183 $acr$2rdacarrier 200 10$aCompulsory arbitration under Korean law /$fSung Yoon Cho 210 1$a[Washington, D.C.] :$cFar Eastern Law Division, Law Library, Library of Congress,$d1963. 215 $a1 online resource (6 pages) 300 $aTypescript. 300 $a"February 12, 1963"--Page 6. 320 $aIncludes bibliographical references. 606 $aArbitration, Industrial$xLaw and legislation$zKorea (South) 606 $aLabor disputes$zKorea (South) 606 $aMediation$zKorea (South) 615 0$aArbitration, Industrial$xLaw and legislation 615 0$aLabor disputes 615 0$aMediation 700 $aCho$b Sung Yoon$f1928-2017,$01371368 712 02$aLibrary of Congress.$bFar Eastern Law Division, 801 0$bDLC 801 1$bGPO 906 $aBOOK 912 $a9910713456503321 996 $aCompulsory arbitration under Korean law$93514921 997 $aUNINA